00701 2200181 4500245005300000020002200053250001100075100002000086700001900106650001600125005001900141260004100160041001400201084001100215300002300226500026100249336000900510 aTrue Blue b : Haru BirucMontana, HannahhText a978-979-27-5894-8 aCet. 1 aMontana, Hannah aBulan Hasibuan aNovel Fiksi a20231002090753 aJakartabElex Media Komputindoc2008 aIndonesia a808.83 a107 hlm. :c20 cm. aLilly adalah sahabat miley. Dia juga salah satu dari sedikit orang yang dipercaya miley untuk menjaga identitas rahasianya sebagai hannah montana. Namun, ketika lilly tidak memilih miley sebagai timnya dalam sepak bola disekolah, keduanya bertengkar hebat. atext